Postaw na milion 312 - Statystyki

Ogólne statystyki
  • Ten quiz został rozwiązany 11 razy
  • Średni wynik to 7 z 12
Statystyki odpowiedzi
Zagadnienie Odpowiedź % Poprawnych
Jakiej rasy jest Szarik, psi bohater serialu "Czterej pancerni i pies"? owczarek niemiecki
91%
Ile godzin liczy tydzień? 168
82%
Która biblijna postać utraciła siły po obcięciu włosów? Samson
73%
Legendarna księżniczka, króla Kraka, która nie zgodziła się na małżeństwo z księciem niemieckim, to: Wanda
73%
Jeśli ktoś cierpi na tachykardię, to jego serce: bije za szybko
64%
Nicole Kidman urodziła się w: w Honolulu
64%
W "Milczeniu owiec" Anthony Hopkins gra Hannibala Lectera. A kto wciela się w agentkę FBI Clarice Starling? Jodie Foster
55%
Skeleton to dyscyplina saneczkarska. W czasie wyścigów zawodnik jedzie w pozycji leżącej: na brzuchu głową naprzód
45%
Lang Lang to światowej sławy chiński... pianista
45%
W Polsce najwięcej dzieci urodziło się w roku: 1955
36%
Do drinka o nazwie "śrubokręt", po angielsku "screwdriver" używa się soku: pomarańczowego
18%
Brytyjska Wspólnota Narodów to organizacja skupiająca 56 państw. W której części świata jest ich najwięcej? w Afryce
18%
Nie znaleziono quizów pasujących do podanych kryteriów
Rozkład punktacji
Procent ludzi z każdym wynikiem
Percentyl według liczby udzielonych odpowiedzi
Twoja historia wyników
Nie rozwiązałeś tego quizu